000 002560000a22000970004500
100 1 _aWilfred, Felix (1948-)
245 1 0 _aElogio del relativismo cristiano
300 _aVol.314, núm.314 (Febrero, 2006), Páginas 99-108
773 0 _tConcilium
942 _cANA
999 _c61241
_d61241